[Event "SVK-ch U10 Girls"]
[Site "Tatralandia"]
[Date "2024.04.06"]
[Round "2"]
[White "Veselska, Katarina"]
[Black "Hadidom, Naomi"]
[Result "1-0"]
[WhiteElo "1091"]
[BlackElo "1000"]
[PlyCount "113"]
[EventDate "2024.04.05"]
[EventType "swiss"]
[EventRounds "9"]
[EventCountry "SVK"]
[SourceTitle "CB16_2024"]
[SourceDate "2024.04.17"]
[SourceVersion "1"]
[SourceVersionDate "2024.04.17"]
[SourceQuality "1"]

1. Nf3 g6 2. Nc3 Bg7 3. e4 e6 4. d3 Nc6 5. Be2 Nge7 6. 0-0 d6 7. d4 e5 8. dxe5 dxe5 9. Qxd8+ Nxd8 10. Nb5 0-0 11. Nxc7 Rb8 12. Bg5 Ndc6 13. Bc4 Bg4 14. Nd5 Nxd5 15. exd5 e4 16. Nd2 Nb4 17. Nxe4 Nxc2 18. Rac1 Nd4 19. Nf6+ Kh8 20. Nxg4 Rfe8 21. Nf6 Red8 22. Ne4 b5 23. Bxd8 Rxd8 24. Ng5 Rf8 25. Bb3 Ne2+ 26. Kh1 Nxc1 27. Rxc1 Bxb2 28. Rc2 Bf6 29. Ne4 Re8 30. Re2 Bd4 31. g3 Bxf2 32. Kg2 Bd4 33. d6 Re6 34. Bxe6 fxe6 35. d7 Bb6 36. Rd2 a5 37. d8Q+ Bxd8 38. Rxd8+ Kg7 39. Nd6 b4 40. Ra8 Kf6 41. Rxa5 Ke7 42. Rb5 Kxd6 43. Rxb4 e5 44. a4 Kd5 45. a5 Kc5 46. Rb1 e4 47. Kf2 Kd4 48. Ke2 e3 49. a6 Kc3 50. Rb8 h5 51. a7 g5 52. a8Q h4 53. Rd8 hxg3 54. hxg3 g4 55. Qc6+ Kb4 56. Rb8+ Ka5 57. Qa8# 1-0

[Event "SVK-ch U10 Girls"]
[Site "Tatralandia"]
[Date "2024.04.05"]
[Round "1"]
[White "Hadidom, Naomi"]
[Black "Huttova, Karolina"]
[Result "0-1"]
[WhiteElo "1000"]
[BlackElo "1450"]
[PlyCount "70"]
[EventDate "2024.04.05"]
[EventType "swiss"]
[EventRounds "9"]
[EventCountry "SVK"]
[SourceTitle "CB16_2024"]
[SourceDate "2024.04.17"]
[SourceVersion "1"]
[SourceVersionDate "2024.04.17"]
[SourceQuality "1"]

1. g3 d5 2. Bg2 Nf6 3. e3 g6 4. d4 Bg7 5. Ne2 0-0 6. 0-0 Nc6 7. Nbc3 Bf5 8. Bd2 Qd7 9. Nb5 a6 10. Na3 b5 11. c3 e5 12. dxe5 Nxe5 13. b4 Nd3 14. Rb1 Ne4 15. f3 Nxd2 16. Qxd2 Rfe8 17. Nc2 c5 18. bxc5 Nxc5 19. Ncd4 Bxb1 20. Nf4 Bf5 21. Nxf5 Qxf5 22. g4 Qe5 23. Rd1 Qxe3+ 24. Qxe3 Rxe3 25. Nxd5 Rd3 26. Rxd3 Nxd3 27. f4 Kf8 28. Be4 Nc5 29. Bf3 Rd8 30. Ne3 Rd3 31. Kf2 Rxc3 32. Nd5 Bd4+ 33. Ke2 Rc2+ 34. Kd1 Rxh2 35. Be2 Ne4 0-1